Les villes qui se détestent - Statistiques

Statistiques générales
  • Ce quiz a été pris 399 fois
  • Le résultat moyen est 10 sur 15
Statistiques - réponses
Ville qui n'aime pas une autre ville Pareil % Correct
Lyon Saint-Etienne
91%
Ajaccio Bastia
87%
Lens Lille
85%
Nantes Rennes
85%
Nancy Metz
79%
Toulouse Bordeaux
78%
Quimper Brest
72%
Nice Monaco
59%
Montpellier Nimes
57%
Strasbourg Mulhouse
56%
Vannes Lorient
55%
Annecy Chambéry
45%
Reims Troyes
43%
Dijon Besançon
38%
Saint-Lô Cherbourg
34%
Aucun quiz correspondant
Distribution des résultats
% des personnes avec chaque résultat
Percentile par nombre de réponses
Votre historique - résultats
Vous n’avez pas pris ce quiz